Numerical methods for nonlinear engineering models (E-BOOK) (Record no. 213282)

000 -LEADER
fixed length control field 00742 a2200241 4500
003 - CONTROL NUMBER IDENTIFIER
control field Nust
005 - DATE AND TIME OF LATEST TRANSACTION
control field 20170207165831.0
010 ## - LIBRARY OF CONGRESS CONTROL NUMBER
LC control number 2009921730
020 ## - INTERNATIONAL STANDARD BOOK NUMBER
International Standard Book Number 1402099193 (alk. paper)
020 ## - INTERNATIONAL STANDARD BOOK NUMBER
International Standard Book Number 1402099207 (e-ISBN)
020 ## - INTERNATIONAL STANDARD BOOK NUMBER
International Standard Book Number 9781402099199 (alk. paper)
020 ## - INTERNATIONAL STANDARD BOOK NUMBER
International Standard Book Number 9781402099205 (e-ISBN)
035 ## - SYSTEM CONTROL NUMBER
System control number (OCoLC)ocn310400762
040 ## - CATALOGING SOURCE
Transcribing agency Nust
082 04 - DEWEY DECIMAL CLASSIFICATION NUMBER
Classification number 620.0042015118
100 1# - MAIN ENTRY--PERSONAL NAME
Personal name Hauser, John Reid.
245 10 - TITLE STATEMENT
Title Numerical methods for nonlinear engineering models (E-BOOK)
Statement of responsibility, etc. John R. Hauser.
260 ## - PUBLICATION, DISTRIBUTION, ETC.
Place of publication, distribution, etc. [Dordrecht] :
Name of publisher, distributor, etc. Springer,
Date of publication, distribution, etc. c2009.
300 ## - PHYSICAL DESCRIPTION
Extent xiii, 1013 p. :
Other physical details ill. ;
Dimensions 24 cm.
500 ## - GENERAL NOTE
General note Includes index.
650 #0 - SUBJECT ADDED ENTRY--TOPICAL TERM
Topical term or geographic name entry element Engineering design
General subdivision Mathematical models.
650 #0 - SUBJECT ADDED ENTRY--TOPICAL TERM
Topical term or geographic name entry element Nonlinear systems
General subdivision Mathematical models.
942 ## - ADDED ENTRY ELEMENTS (KOHA)
Source of classification or shelving scheme
Koha item type Book
Holdings
Withdrawn status Lost status Source of classification or shelving scheme Damaged status Not for loan Collection code Permanent Location Current Location Date acquired Total Checkouts Full call number Barcode Date last seen Price effective from Koha item type
            Military College of Signals (MCS) Military College of Signals (MCS) 12/12/2016   620.0042015118 HAU MCSEB-3315 12/08/2016 12/12/2016 Book
© 2023 Central Library, National University of Sciences and Technology. All Rights Reserved.